KOHA-Header-6

Software Engineering : A Practitioner's Approach (Record no. 9652)

000 -LEADER
fixed length control field 00281nam a2200109Ia 4500
020 ## - INTERNATIONAL STANDARD BOOK NUMBER
ISBN 978-0073655789
100 ## - MAIN ENTRY--AUTHOR NAME
Personal name Roger S. Pressman
245 #0 - TITLE STATEMENT
Title Software Engineering : A Practitioner's Approach
260 ## - PUBLICATION, DISTRIBUTION, ETC. (IMPRINT)
Place of publication Karachi
Name of publisher University of Gujrat Press
Year of publication 2004
300 ## - PHYSICAL DESCRIPTION
Number of Pages 831
942 ## - ADDED ENTRY ELEMENTS (KOHA)
Koha item type Books
Holdings
Withdrawn status Lost status Collection code Permanent Location Current Location Shelving location Date acquired Full call number Accession Number Koha item type
    Computer Science MAJU MAJU Shelf No.A32 2019-09-14 005.2 5536 Computer Science

Powered by Koha